|
|
|
|
| LEADER |
01642nam a2200325 a 4500 |
| 001 |
25337 |
| 003 |
BD-DhAAL |
| 008 |
120604s2006 maua 001 0 eng |
| 999 |
|
|
|c 12352
|d 12352
|
| 010 |
|
|
|a 2005045835
|
| 020 |
|
|
|a 0321194365
|
| 040 |
|
|
|a DLC
|c DLC
|d DLC
|d BD-DhAAL
|
| 042 |
|
|
|a pcc
|
| 050 |
0 |
0 |
|a QH323.5
|b .T75 2006
|
| 082 |
0 |
0 |
|a 570.15195
|2 22
|
| 100 |
1 |
|
|a Triola, Marc M.
|9 31274
|
| 245 |
1 |
0 |
|a Biostatistics for the biological and health sciences /
|c Marc M. Triola, Mario F. Triola.
|
| 260 |
|
|
|a Boston :
|b Pearson Addison-Wesley,
|c c2006.
|
| 300 |
|
|
|a xix, 699 p. :
|b ill. (chiefly col.) ;
|c 27 cm. +
|e 1 CD-ROM (4 3/4 in.)
|
| 541 |
|
|
|e 00025337
|
| 650 |
|
0 |
|a Biometry.
|9 31275
|
| 650 |
|
0 |
|a Medical statistics.
|9 31276
|
| 650 |
|
0 |
|a Pharmacy.
|9 44049
|
| 700 |
1 |
|
|a Triola, Mario F.
|9 31277
|
| 852 |
1 |
|
|a Ayesha Abed Library
|c General shelf.
|
| 942 |
|
|
|2 ddc
|c BK
|
| 952 |
|
|
|0 0
|1 0
|2 ddc
|4 0
|6 570_151950000000000_TRI
|7 0
|9 20422
|a BRACUL
|b BRACUL
|c GEN
|d 2012-06-04
|e Essence Science Publications
|g 6928.00
|l 5
|m 82
|o 570.15195 TRI
|p 3010025337
|r 2023-03-16
|s 2022-06-27
|t 1
|w 2012-06-04
|y BK
|
| 952 |
|
|
|0 0
|1 0
|2 ddc
|4 0
|6 570_151950000000000_TRI
|7 0
|9 20423
|a BRACUL
|b BRACUL
|c GEN
|d 2012-06-04
|e Essence Science Publications
|g 6928.00
|l 10
|m 47
|o 570.15195 TRI
|p 3010025338
|q 2026-06-02
|r 2026-03-04
|s 2026-03-04
|t 2
|w 2012-06-04
|y BK
|
| 952 |
|
|
|0 0
|1 0
|2 ddc
|4 0
|6 570_151950000000000_TRI
|7 0
|9 20424
|a BRACUL
|b BRACUL
|c AV
|d 2012-06-04
|l 2
|o 570.15195 TRI
|p 4010025337
|r 2016-02-01
|s 2016-01-27
|t 1
|w 2012-06-04
|y AV
|
| 952 |
|
|
|0 0
|1 0
|2 ddc
|4 0
|6 570_151950000000000_TRI
|7 0
|9 20425
|a BRACUL
|b BRACUL
|c AV
|d 2012-06-04
|l 2
|o 570.15195 TRI
|p 4010025338
|r 2016-02-02
|s 2016-01-27
|t 2
|w 2012-06-04
|y AV
|